The Cambridge Companion to Adam Smith / (Record no. 6947)
[ view plain ]
| 000 -LEADER | |
|---|---|
| fixed length control field | 01816cac a22002771u 4500 |
| 008 - FIXED-LENGTH DATA ELEMENTS--GENERAL INFORMATION | |
| fixed length control field | 090325t2006 xxu||||| |||| 00| 0 eng d |
| 010 ## - LIBRARY OF CONGRESS CONTROL NUMBER | |
| LC control number | 2005011910 |
| 020 ## - INTERNATIONAL STANDARD BOOK NUMBER | |
| International Standard Book Number | 0521770599 |
| 020 ## - INTERNATIONAL STANDARD BOOK NUMBER | |
| International Standard Book Number | 0521779243 (pbk.) |
| 020 ## - INTERNATIONAL STANDARD BOOK NUMBER | |
| International Standard Book Number | 9780521770590 |
| 020 ## - INTERNATIONAL STANDARD BOOK NUMBER | |
| International Standard Book Number | 9780521779241 (pbk.) |
| 035 ## - SYSTEM CONTROL NUMBER | |
| System control number | (OCoLC)ocm60321422 |
| 082 00 - DEWEY DECIMAL CLASSIFICATION NUMBER | |
| Classification number | 192 |
| Item number | HAA |
| 245 04 - TITLE STATEMENT | |
| Title | The Cambridge Companion to Adam Smith / |
| Statement of responsibility, etc | edited by Knud Haakonssen. |
| 260 ## - PUBLICATION, DISTRIBUTION, ETC. (IMPRINT) | |
| Place of publication, distribution, etc | Cambridge ; |
| -- | New York : |
| Name of publisher, distributor, etc | Cambridge University Press, |
| Date of publication, distribution, etc | c.2006. |
| 300 ## - PHYSICAL DESCRIPTION | |
| Extent | xiv, 409 p. ; |
| Dimensions | 24 cm. |
| 440 #0 - | |
| -- | Cambridge companions to philosophy |
| -- | 2792 |
| 504 ## - BIBLIOGRAPHY, ETC. NOTE | |
| Bibliography, etc | Includes bibliographical references (p. 395-399) and index. |
| 505 0# - FORMATTED CONTENTS NOTE | |
| Formatted contents note | Imagination : morals, science, arts / Charles L. Griswold, Jr. -- Adam Smith, belletrist / Mark Salber Phillips -- Adam Smith's theory of language / Marcelo Dascal -- Smith and science / Christopher J. Berry -- Smith on ingenuity, pleasure, and the imitative arts / Neil de Marchi -- Sympathy and the impartial spectator / Alexander Broadie -- Virtues, utility, and rules / Robert Shaver -- Adam Smith on justice, rights, and law / David Lieberman -- Self-interest and other interests / Pratap Bhanu Mehta -- Adam Smith and history / J.G.A. Pocock -- Adam Smith's politics / Douglas Long -- Adam Smith's economics / Emma Rothschild and Amartya Sen -- The legacy of Adam Smith / Knud Haakonssen and Donald Winch. |
| 600 10 - SUBJECT ADDED ENTRY--PERSONAL NAME | |
| Personal name | Smith, Adam, |
| Dates associated with a name | 1723-1790. |
| 9 (RLIN) | 2793 |
| 700 ## - ADDED ENTRY--PERSONAL NAME | |
| 9 (RLIN) | 1627 |
| Personal name | Haakonssen, Knud |
| 856 41 - ELECTRONIC LOCATION AND ACCESS | |
| Materials specified | Table of contents only |
| Uniform Resource Identifier | <a href="http://www.loc.gov/catdir/toc/ecip0512/2005011910.html">http://www.loc.gov/catdir/toc/ecip0512/2005011910.html</a> |
| 856 41 - ELECTRONIC LOCATION AND ACCESS | |
| Materials specified | Publisher description |
| Uniform Resource Identifier | <a href="http://www.loc.gov/catdir/enhancements/fy0659/2005011910-d.html">http://www.loc.gov/catdir/enhancements/fy0659/2005011910-d.html</a> |
| 856 41 - ELECTRONIC LOCATION AND ACCESS | |
| Materials specified | Contributor biographical information |
| Uniform Resource Identifier | <a href="http://www.loc.gov/catdir/enhancements/fy0732/2005011910-b.html">http://www.loc.gov/catdir/enhancements/fy0732/2005011910-b.html</a> |
| 942 ## - ADDED ENTRY ELEMENTS (KOHA) | |
| Item type | Book - Borrowing |
| Call number prefix | 192HAA |
| Source of classification or shelving scheme | Dewey Decimal Classification |
| Withdrawn status | Item status | Source of classification or shelving scheme | Damaged status | Not for loan | Vendor | Home library | Current library | Shelving location | Date acquired | Source of acquisition | Total Checkouts | Full call number | Barcode | Date last seen | Koha item type |
|---|---|---|---|---|---|---|---|---|---|---|---|---|---|---|---|
| Dewey Decimal Classification | Alahram | Central Library | Central Library | Lower Floor | 07/12/2010 | 192HAA | 000008521 | 15/07/2025 | Book - Borrowing |